|
|
|
|
| LEADER |
00000cam a22000004a 4500 |
| 001 |
musev2_75699 |
| 003 |
MdBmJHUP |
| 005 |
20230905051822.0 |
| 006 |
m o d |
| 007 |
cr||||||||nn|n |
| 008 |
201009s1996 nju o 00 0 eng d |
| 020 |
|
|
|a 9780691214146
|
| 020 |
|
|
|z 9780691044408
|
| 020 |
|
|
|z 9780691044392
|
| 035 |
|
|
|a (OCoLC)1175628760
|
| 040 |
|
|
|a MdBmJHUP
|c MdBmJHUP
|
| 041 |
0 |
|
|a eng
|a grc
|
| 245 |
0 |
0 |
|a Reading the Odyssey :
|b Selected Interpretive Essays /
|c edited with an introduction by Seth L. Schein.
|
| 264 |
|
1 |
|a Princeton :
|b Princeton University Press,
|c opyright 1996.
|
| 264 |
|
3 |
|a Baltimore, Md. :
|b Project MUSE,
|c 2021
|
| 264 |
|
4 |
|c ©opyright 1996.
|
| 300 |
|
|
|a 1 online resource.
|
| 336 |
|
|
|a text
|b txt
|2 rdacontent
|
| 337 |
|
|
|a computer
|b c
|2 rdamedia
|
| 338 |
|
|
|a online resource
|b cr
|2 rdacarrier
|
| 546 |
|
|
|a Teksty w języku angielskim, fragmenty źródeł w języku greckim.
|
| 588 |
|
|
|a Description based on print version record.
|
| 600 |
0 |
7 |
|a Homerus
|d (8..-7.. p.n.e.).
|t Odysseia.
|2 jhpk
|
| 650 |
|
7 |
|a Poezja epicka grecka
|x historia i krytyka.
|2 jhpk
|
| 650 |
|
7 |
|a Odyseusz (mitologia grecka)
|x w literaturze.
|2 jhpk
|
| 655 |
|
7 |
|a Electronic books.
|2 local
|
| 700 |
1 |
|
|a Schein, Seth L.
|d (1942- ).
|e Redaktor
|e Autor wstępu.
|
| 710 |
2 |
|
|a Princeton University Press.
|e Wydawca.
|4 pbl
|
| 710 |
2 |
|
|a Project Muse.
|e distributor
|
| 830 |
|
0 |
|a Book collections on Project MUSE.
|
| 856 |
4 |
0 |
|z Texto completo
|u https://projectmuse.uam.elogim.com/book/75699/
|
| 945 |
|
|
|a Project MUSE - Custom Collection
|
| 945 |
|
|
|a Project MUSE - Archive Complete Supplement IX
|
| 945 |
|
|
|a Project MUSE - Archive Literature Supplement IX
|